Statistics for Fictional Animals Quiz #2

Click here to take the quiz!

General Stats

  • This quiz has been taken 34,854 times
    (34,842 since last reset)
  • The average score is 12 of 20

Answer Stats

AnimalWork of Fiction% Correct
NemoFinding Nemo
95%
Scrappy-DooScooby-Doo
95%
Miss PiggyThe Muppets
88%
Mr. KrabsSpongeBob SquarePants
85%
Brian GriffinFamily Guy
84%
Bugs BunnyLooney Tunes
84%
Cheshire CatAlice in Wonderland
81%
HedwigHarry Potter
78%
Santa's Little HelperThe Simpsons
63%
Boo BooThe Yogi Bear Show
62%
StimpyThe Ren & Stimpy Show
60%
HobbesCalvin and Hobbes
59%
Cheer BearCare Bears
59%
AstroThe Jetsons
54%
ShadowfaxThe Lord of the Rings
38%
MothraGodzilla
34%
ScratIce Age
31%
SilverThe Lone Ranger
27%
MarcelFriends
26%
CheetaraThundercats
26%

Score Distribution

Percentile by Number Answered

Percent of People with Each Score

Your Score History

You have not taken this quiz since the last reset